[Event "DVM U10 2014"]
[Site "Magdeburg GER"]
[Date "2014.12.28"]
[Round "4"]
[White "Watts, Marius"]
[Black "Thiel, Christoph"]
[Result "1-0"]
[Termination "normal"]
[Board "21.3"]
[WhiteElo "743"]
[BlackElo "600"]
[WhiteTeam "BSG Grün-Weiß Leipzig 3"]
[BlackTeam "SC Borussia 1920 Friedrichsfelde"]
[PlyCount "87"]
[WhiteFideId "12989363"]
[EventCountry "GER"]
[EventRounds "7"]
[EventType "team-swiss"]
[EventDate "2014.12.27"]

1. e4 e5 2. Nc3 Bb4 3. Nd5 Nc6 4. Nc3 Nf6 5. Nf3 d6 6. Bc4 O-O 7. d3 Bg4 8. Be3
Na5 9. Bd5 Nc6 10. Bc4 a6 11. Qd2 b5 12. Bd5 Bxc3 13. Qxc3 Bxf3 14. gxf3 Qc8
15. Bxc6 Ra7 16. Bxa7 Qd8 17. O-O-O Nh5 18. Be3 Qf6 19. Qd2 g5 20. Bxg5 Qe6 21.
Bd5 Qd7 22. Be3 c6 23. Bb3 Ng7 24. Qe1 d5 25. Qf1 dxe4 26. Qg2 Re8 27. Bc5 Re7
28. Bxf7+ Kf8 29. Bxe7+ Qxe7 30. Qh3 Qxf7 31. Qh4 Qf5 32. Qh6 Kf7 33. Qd6 Qf4+
34. Kb1 Nf5 35. Qxc6 Ne3 36. Rdg1 Qxf3 37. a3 Qxf2 38. Rg3 b4 39. Rh3 bxa3 40.
Rxh7+ Kg8 41. Qd7 Qg2 42. Re7 Qxh1+ 43. Ka2 Nxc2 44. Re8# 1-0

[Event "DVM U10 2014"]
[Site "Magdeburg GER"]
[Date "2014.12.28"]
[Round "4"]
[White "Pervan, Milan"]
[Black "Willberg, Marek"]
[Result "0-1"]
[Termination "normal"]
[Board "21.4"]
[WhiteElo "600"]
[BlackElo "759"]
[WhiteTeam "SC Borussia 1920 Friedrichsfelde"]
[BlackTeam "BSG Grün-Weiß Leipzig 3"]
[PlyCount "25"]
[BlackFideId "16224027"]
[EventCountry "GER"]
[EventRounds "7"]
[EventType "team-swiss"]
[EventDate "2014.12.27"]

1. e4 e5 2. Nf3 Nc6 3. Bb5 Nf6 4. O-O Bc5 5. d3 d6 6. Bg5 O-O 7. Bxf6 Qxf6 8.
Nc3 Bg4 9. Ne2 Nd4 10. Qc1 Nxe2+ 11. Kh1 Nxc1 12. Raxc1 Bxf2 13. Rxf2 {nicht
mehr nachvollziehbar} 0-1

[Event "DVM U10 2014"]
[Site "Magdeburg GER"]
[Date "2014.12.28"]
[Round "4"]
[White "Kipke, Mark"]
[Black "Block, Timo"]
[Result "0-1"]
[Termination "normal"]
[Board "22.1"]
[WhiteElo "1037"]
[BlackElo "1065"]
[WhiteTeam "Königsspringer SC 1984"]
[BlackTeam "SF Bremer Osten"]
[PlyCount "120"]
[WhiteFideId "16217616"]
[BlackFideId "16201116"]
[EventCountry "GER"]
[EventRounds "7"]
[EventType "team-swiss"]
[EventDate "2014.12.27"]

1. e4 e6 2. d4 d5 3. exd5 exd5 4. Be3 Nf6 5. Nf3 Be7 6. Bb5+ c6 7. Bd3 Bg4 8.
Nc3 Nbd7 9. Qe2 O-O 10. O-O Qc7 11. Bg5 Bd6 12. g3 Rfe8 13. Qd1 Ne4 14. Bh4
Nxc3 15. bxc3 c5 16. Kh1 Be7 17. Bxe7 Rxe7 18. Rg1 Rae8 19. Bxh7+ Kxh7 20. Ng5+
Kg8 21. Qxg4 Nf6 22. Qf3 cxd4 23. cxd4 Qxc2 24. Qf4 Ne4 25. Nxe4 Qxe4+ 26. Qxe4
Rxe4 27. Rab1 b6 28. Rgd1 Re2 29. Kg2 Rxa2 30. Rb5 Rd8 31. Rbb1 Kh7 32. Ra1
Rxa1 33. Rxa1 Rd7 34. h4 Kh6 35. g4 f6 36. f4 a5 37. Kf2 Rd6 38. Ke2 g5 39.
fxg5+ fxg5 40. hxg5+ Kxg5 41. Kf3 Rc6 42. Ra3 Rf6+ 43. Kg3 Rf7 44. Rb3 Rb7 45.
Rb5 a4 46. Rxd5+ Kf6 47. g5+ Ke6 48. Re5+ Kd6 49. Re3 Kd5 50. g6 Kxd4 51. Re1
b5 52. Kf3 b4 53. Rg1 Rg7 54. Kf4 a3 55. Kf5 b3 56. Kf6 Rxg6+ 57. Kxg6 a2 58.
Rg4+ Kc3 59. Rg3+ Kb2 60. Rg2+ Ka3 0-1

[Event "DVM U10 2014"]
[Site "Magdeburg GER"]
[Date "2014.12.28"]
[Round "4"]
[White "Pfluger, Jan"]
[Black "Köppen, Cedric Louis"]
[Result "0-1"]
[Termination "normal"]
[Board "22.2"]
[WhiteElo "966"]
[BlackElo "930"]
[WhiteTeam "SF Bremer Osten"]
[BlackTeam "Königsspringer SC 1984"]
[PlyCount "96"]
[WhiteFideId "16218299"]
[EventCountry "GER"]
[EventRounds "7"]
[EventType "team-swiss"]
[EventDate "2014.12.27"]

1. e4 c5 2. c4 Nc6 3. Nc3 g6 4. b3 Bg7 5. Bb2 Nf6 6. d3 d6 7. Be2 O-O 8. Nf3
Bd7 9. O-O Qc7 10. Nb5 Qb8 11. Qd2 Ng4 12. Bxg7 Kxg7 13. h3 Nge5 14. Qb2 a6 15.
Nc3 Nxf3+ 16. Bxf3 Nd4 17. Nd5 Qd8 18. Rfe1 Kg8 19. Be2 f5 20. exf5 Bxf5 21. b4
b6 22. bxc5 bxc5 23. Bd1 e6 24. Nf4 Rb8 25. Qc3 Re8 26. Ba4 Re7 27. Re3 Rb4 28.
Bc2 Qa5 29. Qe1 Nxc2 30. Qe2 Nxe3 31. Qxe3 Rb2 32. Nd5 Rg7 33. Nf4 Kf7 34. g4
e5 35. Nd5 Be6 36. Qf3+ Ke8 37. Qf6 Bxd5 38. Qxg7 Bf7 39. a3 Qd2 40. Qf6 Qxd3
41. Qh8+ Ke7 42. Qxh7 Qxc4 43. Re1 Qc3 44. Qh4+ Ke6 45. f3 Qxf3 46. Re2 Rxe2
47. Qf2 Qxf2+ 48. Kh1 Qg2# 0-1

[Event "DVM U10 2014"]
[Site "Magdeburg GER"]
[Date "2014.12.28"]
[Round "4"]
[White "Summers, Jan"]
[Black "Pass, Maurice"]
[Result "1-0"]
[Termination "normal"]
[Board "22.3"]
[WhiteElo "600"]
[BlackElo "600"]
[WhiteTeam "Königsspringer SC 1984"]
[BlackTeam "SF Bremer Osten"]
[PlyCount "55"]
[WhiteFideId "16217624"]
[EventCountry "GER"]
[EventRounds "7"]
[EventType "team-swiss"]
[EventDate "2014.12.27"]

1. e4 e5 2. f4 f6 3. Nf3 Nc6 4. Bc4 Nge7 5. Nc3 Ng6 6. f5 Nf4 7. O-O Bc5+ 8.
Kh1 d6 9. a3 Bd7 10. b4 Bb6 11. d3 Qe7 12. Nd5 Qf7 13. Nxf4 exf4 14. Bxf7+ Kf8
15. Bd5 Ne7 16. Bxb7 Rb8 17. Bd5 g6 18. Nh4 gxf5 19. Rxf4 Bd4 20. Ra2 Be5 21.
Rf2 Bd4 22. Rf1 fxe4 23. dxe4 c6 24. Bb3 d5 25. exd5 cxd5 26. Qxd4 Kf7 27.
Qxf6+ Kg8 28. Qf7# 1-0

[Event "DVM U10 2014"]
[Site "Magdeburg GER"]
[Date "2014.12.28"]
[Round "4"]
[White "Bakiyev, Diyar"]
[Black "Kühn, Jan-Gerrit"]
[Result "1-0"]
[Termination "normal"]
[Board "22.4"]
[WhiteElo "795"]
[BlackElo "854"]
[WhiteTeam "SF Bremer Osten"]
[BlackTeam "Königsspringer SC 1984"]
[PlyCount "45"]
[WhiteFideId "16230531"]
[EventCountry "GER"]
[EventRounds "7"]
[EventType "team-swiss"]
[EventDate "2014.12.27"]

1. e4 e5 2. Bc4 Nf6 3. Qf3 Nc6 4. Nh3 Bc5 5. Nc3 d6 6. Nd5 O-O 7. Nxf6+ Qxf6 8.
Qxf6 gxf6 9. d3 a6 10. a4 Nd4 11. O-O Nxc2 12. Ra2 Nb4 13. Ra3 Nc6 14. Bh6 Re8
15. d4 Bxa3 16. bxa3 Nxd4 17. Rd1 Kh8 18. Rd3 Rg8 19. Bxf7 Rg4 20. f3 Rh4 21.
Bf8 Bxh3 22. Be7 Bd7 23. Bxf6# 1-0

[Event "DVM U10 2014"]
[Site "Magdeburg GER"]
[Date "2014.12.28"]
[Round "4"]
[White "Rößler, Philipp"]
[Black "Ho, Ngoc Hai-Dang"]
[Result "0-1"]
[Termination "normal"]
[Board "23.1"]
[WhiteElo "915"]
[BlackElo "974"]
[WhiteTeam "SC 1994 Oberland"]
[BlackTeam "Schachunion Berlin 2"]
[PlyCount "68"]
[WhiteFideId "16209885"]
[BlackFideId "16206509"]
[EventCountry "GER"]
[EventRounds "7"]
[EventType "team-swiss"]
[EventDate "2014.12.27"]

1. e4 e5 2. Nf3 Nc6 3. Bc4 Bc5 4. c3 Nf6 5. d4 exd4 6. cxd4 Bb4+ 7. Nc3 Nxe4 8.
O-O O-O 9. a3 Nxc3 10. bxc3 Bxc3 11. Rb1 d5 12. Bd3 g6 13. Bh6 Re8 14. Qc2 Bxd4
15. Nxd4 Nxd4 16. Qd2 Bh3 17. gxh3 Nf3+ 18. Kh1 Nxd2 19. Bxd2 Qd6 20. Rg1 Qxa3
21. Bb5 Re2 22. Bh6 Qxh3 23. Bxe2 Qxh6 24. Rxb7 Qd2 25. Bf3 c6 26. Rd1 Qxf2 27.
Bg2 Qe2 28. Rdb1 a5 29. Rf1 Rf8 30. Rc7 d4 31. Rxc6 a4 32. Rd6 d3 33. Rf4 d2
34. Bf3 Qf1# 0-1

[Event "DVM U10 2014"]
[Site "Magdeburg GER"]
[Date "2014.12.28"]
[Round "4"]
[White "Landgraf, Arthur"]
[Black "Seibt, Bruno"]
[Result "0-1"]
[Termination "normal"]
[Board "23.2"]
[WhiteElo "797"]
[BlackElo "862"]
[WhiteTeam "Schachunion Berlin 2"]
[BlackTeam "SC 1994 Oberland"]
[PlyCount "68"]
[BlackFideId "16219988"]
[EventCountry "GER"]
[EventRounds "7"]
[EventType "team-swiss"]
[EventDate "2014.12.27"]

1. e4 e5 2. Nf3 Nc6 3. d4 d6 4. Bc4 Nf6 5. Ng5 d5 6. exd5 b5 7. Bxb5 Qxd5 8.
Nc3 Qxg2 9. Rf1 Bd7 10. Be3 exd4 11. Bxd4 Qxg5 12. Be3 Qe5 13. f4 Qxe3+ 14. Qe2
Bc5 15. Rd1 O-O 16. Rd3 Qxe2+ 17. Nxe2 Rab8 18. Nc3 Rfe8+ 19. Kd1 Nb4 20. Bxd7
Nxd3 21. Bxe8 Nxb2+ 22. Kc1 Nxe8 23. Re1 Nc4 24. Na4 Be3+ 25. Kd1 Bxf4 26. Nc3
Bd2 27. Re4 Ned6 28. Rd4 Bxc3 29. Rf4 Re8 30. Rf1 Nf5 31. Rg1 Nd4 32. h4 Rb8
33. Rxg7+ Kxg7 34. h5 Rb1# 0-1

[Event "DVM U10 2014"]
[Site "Magdeburg GER"]
[Date "2014.12.28"]
[Round "4"]
[White "Augustin, Elias"]
[Black "Kessen, Laila"]
[Result "1-0"]
[Termination "normal"]
[Board "23.3"]
[WhiteElo "879"]
[BlackElo "600"]
[WhiteTeam "SC 1994 Oberland"]
[BlackTeam "Schachunion Berlin 2"]
[PlyCount "53"]
[WhiteFideId "16236963"]
[EventCountry "GER"]
[EventRounds "7"]
[EventType "team-swiss"]
[EventDate "2014.12.27"]

1. e4 e5 2. Nf3 Nc6 3. Bc4 Nf6 4. Ng5 d6 5. Nxf7 Qd7 6. Nxh8 d5 7. exd5 Nd4 8.
c3 Nf5 9. O-O g6 10. Na3 Qg7 11. Bb5+ c6 12. dxc6 bxc6 13. Bxc6+ Bd7 14. Bxa8
Qh6 15. d3 e4 16. dxe4 Nxe4 17. Bxe4 Bg7 18. Re1 g5 19. Bc6+ Ne7 20. Qxd7+ Kf8
21. Qxe7+ Kg8 22. Nf7 Qh5 23. Be4 Bf8 24. Qxg5+ Bg7 25. Bf5 Kxf7 26. Re7+ Kf8
27. Qxg7# 1-0

[Event "DVM U10 2014"]
[Site "Magdeburg GER"]
[Date "2014.12.28"]
[Round "4"]
[White "Schröder, Tim"]
[Black "Rönsch, Franziska"]
[Result "0-1"]
[Termination "normal"]
[Board "23.4"]
[WhiteElo "600"]
[BlackElo "677"]
[WhiteTeam "Schachunion Berlin 2"]
[BlackTeam "SC 1994 Oberland"]
[PlyCount "24"]
[EventCountry "GER"]
[EventRounds "7"]
[EventType "team-swiss"]
[EventDate "2014.12.27"]

1. e4 e5 2. Nf3 Nc6 3. Bc4 Bc5 4. O-O Nge7 5. Nc3 O-O 6. d3 Ng6 7. Bg5 Be7 8.
Qd2 d6 9. h4 Qd7 10. Rfe1 Qg4 11. Bd5 Nf4 12. Bc4 Qxg2# 0-1

[Event "DVM U10 2014"]
[Site "Magdeburg GER"]
[Date "2014.12.28"]
[Round "4"]
[White "Kassebaum, Elias Konstantin"]
[Black "von Krosigk, Florian"]
[Result "1-0"]
[Termination "normal"]
[Board "24.1"]
[WhiteElo "895"]
[BlackElo "600"]
[WhiteTeam "SG Bünde"]
[BlackTeam "Hamburger SK 3"]
[PlyCount "77"]
[BlackFideId "16227808"]
[EventCountry "GER"]
[EventRounds "7"]
[EventType "team-swiss"]
[EventDate "2014.12.27"]

1. Nf3 Nc6 2. g3 e5 3. d3 Bc5 4. Bg2 Nf6 5. O-O d6 6. c3 O-O 7. Qb3 Rb8 8. Bg5
h6 9. Bxf6 Qxf6 10. Nbd2 Qg6 11. Nh4 Qh5 12. Bxc6 Bh3 13. Bg2 Bxg2 14. Nxg2
Qxe2 15. Qc2 Rbe8 16. Rae1 Qg4 17. Re4 Qh5 18. Qd1 Qxd1 19. Rxd1 Re6 20. b4 Bb6
21. Nc4 Bxf2+ 22. Kxf2 d5 23. Rxe5 Rf6+ 24. Kg1 dxc4 25. dxc4 Ra6 26. Re7 Rc6
27. Rdd7 Rc8 28. Rxf7 Rxc4 29. Rxg7+ Kf8 30. Nf4 Re4 31. Kf2 h5 32. Kf3 Re1 33.
Nxh5 Re5 34. g4 b6 35. Kf4 Re1 36. Kf5 a5 37. Kg6 axb4 38. Rdf7+ Ke8 39. Rg8#
1-0

[Event "DVM U10 2014"]
[Site "Magdeburg GER"]
[Date "2014.12.28"]
[Round "4"]
[White "Freitag, Gerrit"]
[Black "Kröger, Tim"]
[Result "1-0"]
[Termination "normal"]
[Board "24.2"]
[WhiteElo "600"]
[BlackElo "1076"]
[WhiteTeam "Hamburger SK 3"]
[BlackTeam "SG Bünde"]
[PlyCount "47"]
[WhiteFideId "34650148"]
[BlackFideId "16241207"]
[EventCountry "GER"]
[EventRounds "7"]
[EventType "team-swiss"]
[EventDate "2014.12.27"]

1. e4 e5 2. Nf3 Nf6 3. Nc3 Nc6 4. Bb5 Bc5 5. Nxe5 Nxe5 6. d4 Bb4 7. dxe5 Bxc3+
8. bxc3 Nxe4 9. Bb2 O-O 10. O-O Qg5 11. c4 c6 12. Ba4 d5 13. cxd5 Bh3 14. Qf3
Nd2 15. Qxh3 Nxf1 16. Kxf1 cxd5 17. Re1 Rfd8 18. Qd3 Qg6 19. Qxg6 hxg6 20. Bb3
d4 21. e6 fxe6 22. Bxe6+ Kh7 23. Re4 Re8 24. Rh4# 1-0

[Event "DVM U10 2014"]
[Site "Magdeburg GER"]
[Date "2014.12.28"]
[Round "4"]
[White "Dropp, Silvana"]
[Black "Fuhrmann, Bahne"]
[Result "0-1"]
[Termination "normal"]
[Board "24.3"]
[WhiteElo "865"]
[BlackElo "600"]
[WhiteTeam "SG Bünde"]
[BlackTeam "Hamburger SK 3"]
[PlyCount "58"]
[BlackFideId "16244842"]
[EventCountry "GER"]
[EventRounds "7"]
[EventType "team-swiss"]
[EventDate "2014.12.27"]

1. e4 c5 2. Bc4 Nc6 3. Qf3 Nf6 4. e5 Nxe5 5. Qe2 d6 6. c3 e6 7. d4 cxd4 8. cxd4
Nc6 9. Nf3 Qe7 10. Bd2 d5 11. Bb4 Qxb4+ 12. Nbd2 Qxb2 13. Nb3 Bb4+ 14. Nbd2
dxc4 15. Rb1 Qxb1+ 16. Qd1 Bxd2+ 17. Nxd2 Qb4 18. O-O Qd6 19. Qe2 Nxd4 20. Re1
-- 21. Qe4 b5 22. Nf3 e5 23. Nxd4 Be6 24. Nxe6 fxe6 25. f3 Qb6+ 26. Kf1 O-O 27.
f4 Nxe4 28. Ke2 Rxf4 29. Kd1 Qd4+ 0-1

[Event "DVM U10 2014"]
[Site "Magdeburg GER"]
[Date "2014.12.28"]
[Round "4"]
[White "Hegemann, Erik"]
[Black "Lindner, Ben"]
[Result "1-0"]
[Termination "normal"]
[Board "25.1"]
[WhiteElo "1176"]
[BlackElo "949"]
[WhiteTeam "SG Turm Raesfeld/Erle"]
[BlackTeam "BSG Grün-Weiß Leipzig 2"]
[PlyCount "57"]
[WhiteFideId "16234618"]
[BlackFideId "16214552"]
[EventCountry "GER"]
[EventRounds "7"]
[EventType "team-swiss"]
[EventDate "2014.12.27"]

1. e4 e5 2. Nf3 Nc6 3. Bc4 Bc5 4. c3 Nf6 5. d4 d6 6. dxc5 dxc5 7. Qxd8+ Nxd8 8.
Nxe5 Be6 9. Bxe6 fxe6 10. Bg5 Nxe4 11. Bf4 O-O 12. Nd3 -- 13. O-O Nf7 14. Nd2
Rad8 15. Nxe4 Rxd3 16. Nxc5 Rd5 17. Nxe6 Rc8 18. Rae1 Rf5 19. Bg3 Rf6 20. Nxc7
Nd6 21. Bxd6 Rxd6 22. Ne8 Rdd8 23. Nxg7 Kxg7 24. Re7+ Kg8 25. Rxb7 Rd2 26. a4
a5 27. b4 axb4 28. cxb4 Rb2 29. h3 {nicht mehr nachvollziehbar [c5-c4-c3]} 1-0

[Event "DVM U10 2014"]
[Site "Magdeburg GER"]
[Date "2014.12.28"]
[Round "4"]
[White "Güldenpfennig, Carl"]
[Black "Tünte, Henning"]
[Result "0-1"]
[Termination "normal"]
[Board "25.2"]
[WhiteElo "850"]
[BlackElo "918"]
[WhiteTeam "BSG Grün-Weiß Leipzig 2"]
[BlackTeam "SG Turm Raesfeld/Erle"]
[PlyCount "100"]
[EventCountry "GER"]
[EventRounds "7"]
[EventType "team-swiss"]
[EventDate "2014.12.27"]

1. e4 e5 2. Bc4 Nf6 3. Nc3 Bc5 4. Nf3 Nc6 5. d3 h6 6. Bd2 d6 7. h3 Be6 8. Bb3
O-O 9. O-O Qd7 10. Bxe6 fxe6 11. a3 d5 12. b4 Bb6 13. b5 Nd4 14. Nxd4 exd4 15.
Ne2 dxe4 16. dxe4 Nxe4 17. a4 e5 18. Bb4 c5 19. Ba3 Rad8 20. Qd3 Nc3 21. Nxc3
dxc3 22. Qc4+ Qd5 23. Qxd5+ Rxd5 24. Rfd1 Rfd8 25. Rxd5 Rxd5 26. Bc1 Bc7 27.
Be3 b6 28. Ra3 e4 29. g4 Be5 30. Kg2 Bd4 31. Bxd4 cxd4 32. Ra1 d3 33. cxd3 exd3
34. Kf3 Re5 35. Kf4 Re8 36. g5 hxg5+ 37. Kxg5 d2 38. Rg1 Re1 39. Rg3 d1=Q 40.
f4 Qd5+ 41. f5 Qd4 42. h4 Rg1 43. Rxg1 Qxg1+ 44. Kh5 Kf7 45. a5 Kf6 46. a6 g6+
47. Kh6 Qh2 48. Kh7 Qxh4+ 49. Kg8 gxf5 50. Kf8 Qh8# 0-1

[Event "DVM U10 2014"]
[Site "Magdeburg GER"]
[Date "2014.12.28"]
[Round "4"]
[White "Mühl, Sophia"]
[Black "Sieber, Paale"]
[Result "1-0"]
[Termination "normal"]
[Board "25.3"]
[WhiteElo "600"]
[BlackElo "600"]
[WhiteTeam "SG Turm Raesfeld/Erle"]
[BlackTeam "BSG Grün-Weiß Leipzig 2"]
[PlyCount "41"]
[EventCountry "GER"]
[EventRounds "7"]
[EventType "team-swiss"]
[EventDate "2014.12.27"]

1. e4 e5 2. Nf3 Nc6 3. Bc4 Nf6 4. d3 Bc5 5. Bg5 Bxf2+ 6. Kxf2 d6 7. Nc3 Bg4 8.
h3 Bxf3 9. Qxf3 O-O 10. Nd5 Nd4 11. Nxf6+ Kh8 12. Qe3 Nxc2 13. Qf3 Nxa1 14.
Nxh7 Qe8 15. Nxf8 Qxf8 16. Bxf7 d5 17. exd5 Qc5+ 18. Be3 Qc2+ 19. Kg3 Qxd3 20.
Rxa1 e4 21. Qh5# 1-0

[Event "DVM U10 2014"]
[Site "Magdeburg GER"]
[Date "2014.12.28"]
[Round "4"]
[White "Feilhauer, Jannick"]
[Black "Marks, Gerrit Johann"]
[Result "0-1"]
[Termination "normal"]
[Board "25.4"]
[WhiteElo "600"]
[BlackElo "600"]
[WhiteTeam "BSG Grün-Weiß Leipzig 2"]
[BlackTeam "SG Turm Raesfeld/Erle"]
[PlyCount "132"]
[WhiteFideId "16266358"]
[EventCountry "GER"]
[EventRounds "7"]
[EventType "team-swiss"]
[EventDate "2014.12.27"]

1. e4 e5 2. Nf3 Nc6 3. Bb5 Bc5 4. Bxc6 dxc6 5. Nxe5 Nf6 6. Nc3 O-O 7. d3 Qd4 8.
Be3 Qxe5 9. d4 Qd6 10. dxc5 Qxd1+ 11. Rxd1 Bg4 12. f3 Bh5 13. Bg5 b6 14. Bxf6
gxf6 15. O-O bxc5 16. Rd7 Rfd8 17. Rxc7 Rd6 18. Re1 Re6 19. Na4 f5 20. Nxc5 Re5
21. Rxc6 Rd8 22. Nd3 Re7 23. Kf1 Rde8 24. Nc5 Bg6 25. Ra6 Rc8 26. b4 f4 27. Nd3
Rxc2 28. Nxf4 Rb2 29. Nxg6 fxg6 30. a3 Rb7 31. Rd1 Rb3 32. Rd8+ Kg7 33. Ra8 Rd7
34. R8xa7 Rxa7 35. Rxa7+ Kf6 36. Ra6+ Kf7 37. e5 Ke7 38. f4 Re3 39. b5 Rb3 40.
b6 h6 41. Ra7+ Kd8 42. b7 Kc7 43. e6 Kb8 44. Ra8+ Kxb7 45. Rd8 Re3 46. Rd6 Kc7
47. Kf2 Re4 48. Kf3 Re1 49. g4 Kxd6 50. f5 gxf5 51. gxf5 Re5 52. Kf4 Ra5 53. f6
Kxe6 54. Kg4 Kxf6 55. h4 Kg6 56. h5+ Rxh5 57. a4 Ra5 58. Kf4 Rxa4+ 59. Kg3 Kg5
60. Kh3 h5 61. Kg3 Ra3+ 62. Kh2 Kg4 63. Kh1 Ra2 64. Kg1 Kf3 65. Kh1 Kg3 66. Kg1
Ra1# 0-1

[Event "DVM U10 2014"]
[Site "Magdeburg GER"]
[Date "2014.12.28"]
[Round "4"]
[White "Meurer, Calvin"]
[Black "Tabarelli, Tom"]
[Result "0-1"]
[Termination "normal"]
[Board "26.1"]
[WhiteElo "946"]
[BlackElo "760"]
[WhiteTeam "SV Roter Turm Halle 2"]
[BlackTeam "SF Hettstedt"]
[PlyCount "79"]
[EventCountry "GER"]
[EventRounds "7"]
[EventType "team-swiss"]
[EventDate "2014.12.27"]

1. d4 d5 2. Nf3 Bf5 3. Nc3 Nc6 4. Bf4 e6 5. e3 Bb4 6. Qd2 Nf6 7. Bd3 Ne4 8.
Bxe4 dxe4 9. Ng5 Bg6 10. Rg1 h6 11. Nh3 Ne7 12. a3 Ba5 13. O-O-O Nd5 14. b4 Bb6
15. g4 a5 16. Nxd5 Qxd5 17. g5 hxg5 18. Nxg5 axb4 19. Qxb4 Ba5 20. Qc5 Bb6 21.
Qb4 Qa5 22. Qxa5 Rxa5 23. Be5 f6 24. Nxe6 fxe5 25. Nxg7+ Kf7 26. Ne6 Kxe6 27.
Rxg6+ Kf7 28. Rg5 exd4 29. exd4 Rxg5 30. Re1 Re8 31. Rd1 Bxd4 32. Rxd4 Rg2 33.
Rd7+ Kf8 34. Rxc7 Rxf2 35. Rxb7 e3 36. Rd7 e2 37. Rd1 Rb8 38. Rh1 Rf1+ 39.
Rxf1+ exf1=Q+ 40. Kd2 0-1

[Event "DVM U10 2014"]
[Site "Magdeburg GER"]
[Date "2014.12.28"]
[Round "4"]
[White "Lehmann, Taylor"]
[Black "Mielewsky, Karl-Josef"]
[Result "1/2-1/2"]
[Termination "normal"]
[Board "26.2"]
[WhiteElo "786"]
[BlackElo "857"]
[WhiteTeam "SF Hettstedt"]
[BlackTeam "SV Roter Turm Halle 2"]
[PlyCount "59"]
[WhiteFideId "16240642"]
[EventCountry "GER"]
[EventRounds "7"]
[EventType "team-swiss"]
[EventDate "2014.12.27"]

1. d4 d5 2. c4 e6 3. cxd5 Qxd5 4. Nc3 Qd8 5. Bf4 Nf6 6. Nh3 Nc6 7. e3 Bb4 8. a3
Be7 9. Bb5 O-O 10. O-O a6 11. Bd3 b6 12. Rb1 Bb7 13. b4 Qc8 14. Bg5 Ra7 15.
Bxf6 Bxf6 16. Ra1 Ba8 17. b5 Nxd4 18. exd4 Qb7 19. Be4 c6 20. Bxc6 Qc7 21. Qd3
Qd6 22. Bxa8 Raxa8 23. Ne4 Qd8 24. Nxf6+ Qxf6 25. Rfe1 Rfd8 26. Re4 e5 27. Rxe5
axb5 28. Rxb5 h6 29. Re5 Qc6 30. Rae1 {nicht mehr nachvollziehbar} 1/2-1/2

[Event "DVM U10 2014"]
[Site "Magdeburg GER"]
[Date "2014.12.28"]
[Round "4"]
[White "Adelmeyer, Nelly"]
[Black "Isensee, Lennart"]
[Result "1/2-1/2"]
[Termination "normal"]
[Board "26.3"]
[WhiteElo "753"]
[BlackElo "800"]
[WhiteTeam "SV Roter Turm Halle 2"]
[BlackTeam "SF Hettstedt"]
[PlyCount "86"]
[WhiteFideId "16203577"]
[EventCountry "GER"]
[EventRounds "7"]
[EventType "team-swiss"]
[EventDate "2014.12.27"]

1. e4 e6 2. d4 d5 3. Nc3 dxe4 4. Nxe4 f5 5. Nc5 Nf6 6. Bg5 h6 7. Bh4 Nc6 8. Bc4
e5 9. d5 Nb4 10. Nd3 Nxd3+ 11. Qxd3 Bc5 12. Nf3 Qd6 13. Bxf6 gxf6 14. Nh4 f4
15. O-O Bd7 16. Qg6+ Kd8 17. Nf5 Bxf5 18. Qxf5 h5 19. Qe6 h4 20. Qxd6+ cxd6 21.
h3 Rg8 22. c3 f3 23. b4 Rxg2+ 24. Kh1 Bxf2 25. Bd3 Kd7 26. Be4 Rag8 27. Bxf3
Rg1+ 28. Rxg1 Rxg1+ 29. Rxg1 Bxg1 30. Kxg1 f5 31. a4 e4 32. Bh5 f4 33. Bg4+ Kc7
34. c4 f3 35. Kf1 a6 36. Kf2 b6 37. b5 axb5 38. cxb5 Kb7 39. Bd7 Kc7 40. Bc6
Kb8 41. Ke3 Kc7 42. Kf2 Kc8 43. Ke3 Kc7 1/2-1/2

[Event "DVM U10 2014"]
[Site "Magdeburg GER"]
[Date "2014.12.28"]
[Round "4"]
[White "Kögler, Lukas"]
[Black "Kemper, Matti"]
[Result "1-0"]
[Termination "normal"]
[Board "26.4"]
[WhiteElo "775"]
[BlackElo "600"]
[WhiteTeam "SF Hettstedt"]
[BlackTeam "SV Roter Turm Halle 2"]
[PlyCount "65"]
[EventCountry "GER"]
[EventRounds "7"]
[EventType "team-swiss"]
[EventDate "2014.12.27"]

1. e4 e5 2. Nf3 Nc6 3. Nc3 Nf6 4. d3 Bc5 5. Bg5 O-O 6. Be2 Qe8 7. O-O h6 8.
Bxf6 d6 9. Bxg7 Kxg7 10. Nb5 Kh8 11. Nxc7 Qd7 12. Nxa8 Qg4 13. Nd4 Qg5 14. Nf3
Qg6 15. Nh4 Qg5 16. Nf5 Bxf5 17. exf5 Rg8 18. Bf3 Nd4 19. Bxb7 d5 20. Bxd5 Rd8
21. Nc7 Bd6 22. Ne6 Qh4 23. Nxd8 e4 24. g3 Qh3 25. dxe4 Bb4 26. c3 Bc5 27. b4
Bd6 28. cxd4 Bxb4 29. a3 Bc3 30. Rb1 Qg4 31. Qxg4 Bxd4 32. Nxf7+ Kh7 33. Qg6#
1-0

[Event "DVM U10 2014"]
[Site "Magdeburg GER"]
[Date "2014.12.28"]
[Round "4"]
[White "Franke, Josef"]
[Black "Currenti, Gianluca"]
[Result "1-0"]
[Termination "normal"]
[Board "27.1"]
[WhiteElo "790"]
[BlackElo "849"]
[WhiteTeam "SK Neumarkt"]
[BlackTeam "Schachzwerge Magdeburg 3"]
[PlyCount "141"]
[EventCountry "GER"]
[EventRounds "7"]
[EventType "team-swiss"]
[EventDate "2014.12.27"]

1. d4 d5 2. Nf3 Nf6 3. Bf4 Bf5 4. e3 Nc6 5. Bb5 a6 6. Bd3 e6 7. O-O Bb4 8. Bg5
h6 9. Bxf6 Qxf6 10. a3 Bd6 11. Nc3 O-O-O 12. Qe2 Qg6 13. Nh4 Qf6 14. Nxf5 exf5
15. Qf3 g6 16. Qh3 Ne7 17. Rfe1 g5 18. e4 dxe4 19. Nxe4 g4 20. Qe3 f4 21. Nxf6
fxe3 22. Rxe3 h5 23. Ne4 Rhg8 24. Nxd6+ Rxd6 25. Rxe7 h4 26. Bf5+ Kb8 27. Bxg4
Rxg4 28. Re8+ Ka7 29. h3 Rg7 30. c3 Rdg6 31. g4 f6 32. Kh2 f5 33. f3 fxg4 34.
fxg4 Rb6 35. b4 Rc6 36. Re3 Rc4 37. a4 b6 38. Re2 a5 39. Rb2 axb4 40. cxb4 Rxd4
41. Rf1 Re7 42. Ra1 Ka6 43. b5+ Ka5 44. Rg2 Re3 45. g5 Rd7 46. g6 Rg7 47. Rf1
Kxa4 48. Rf7 Rxf7 49. gxf7 Rf3 50. Rg4+ Kxb5 51. Rg7 c5 52. Kg2 Rxf7 53. Rxf7
c4 54. Kf2 Kb4 55. Rf3 c3 56. Ke1 c2 57. Kd2 c1=Q+ 58. Kxc1 Kb5 59. Rb3+ Ka4
60. Kc2 b5 61. Rf3 b4 62. Rf4 Ka3 63. Rf3+ b3+ 64. Rxb3+ Ka4 65. Rb8 Ka5 66.
Kc3 Ka4 67. Kc4 Ka3 68. Rb4 Ka2 69. Kc3 Ka1 70. Kc2 Ka2 71. Ra4# 1-0

[Event "DVM U10 2014"]
[Site "Magdeburg GER"]
[Date "2014.12.28"]
[Round "4"]
[White "Weber, Willi"]
[Black "Henseler, Daniel"]
[Result "0-1"]
[Termination "normal"]
[Board "27.2"]
[WhiteElo "749"]
[BlackElo "600"]
[WhiteTeam "Schachzwerge Magdeburg 3"]
[BlackTeam "SK Neumarkt"]
[PlyCount "40"]
[EventCountry "GER"]
[EventRounds "7"]
[EventType "team-swiss"]
[EventDate "2014.12.27"]

1. e4 e5 2. Nf3 Nc6 3. Bc4 Nf6 4. Nc3 Bc5 5. O-O O-O 6. Nd5 Nxd5 7. exd5 Nd4 8.
c3 Nxf3+ 9. Qxf3 d6 10. d4 exd4 11. Qg3 Qf6 12. Bg5 Qg6 13. b4 Bb6 14. a4 dxc3
15. a5 Bd4 16. Rad1 Be5 17. Qh4 h6 18. Bd3 Qxg5 19. Qc4 Qf4 20. Qxc7 Qxh2# 0-1